000 00536nam a22001817a 4500
005 20251108172010.0
008 250721s1983 xx 000 0 ara d
082 1 4 _a811.609/جوز
100 1 _aغريب، جورج
245 1 0 _aالمتنبي :
_bدراسة عامة /
264 1 _aبيروت :
_bدار الثقافة،
_c1983.
300 _a484ص
490 0 _aالموسوع في الأدب العربي ، 8
650 1 7 _aالشعر العباسي
650 1 7 _aتاريخ و نقد
942 _2ddc
_cBK
999 _c67935
_d67935